| 000 | 00411cam a2200157ua 4500 | ||
|---|---|---|---|
| 003 | OSt | ||
| 008 | 250823b |||||||| |||| 00| 0 eng d | ||
| 041 | _aeng | ||
| 082 |
_a628.1 _bMIL/WA |
||
| 100 |
_aMiller, Arthur P . _97773 |
||
| 245 | _aWater and man`s health / | ||
| 250 | _a1 / | ||
| 260 |
_aWashington D.C. : _bHuman Resource and Soacial Development Agency , _c1962. |
||
| 300 | _a92 ; . | ||
| 942 | _cBK | ||
| 999 |
_c3140 _d3140 |
||